000 00592nam a2200181Ia 4500
005 20250508155903.0
008 008 250505s9999 xx 000 0 eng d
037 _aBooks to be hide in OPAC
040 _aFEDL
_beng
_cFEDL
041 _aeng
_2eng
084 _a371.872, CAL/O
_qFEDL
245 0 _aRegulations and laws concerning operation of schools busses in California
245 0 _cCalifornia. Education, (Department of ...)
260 _aCalifornia, USA
_bDepartment of Education
_c1962
300 _a34p
942 _cHB
_h371.872, CAL/O
999 _c1359854
_d1359854